000 00276nam a22001217a 4500
082 _a669 SHR'E
100 _aSHRAGER, ARTHUR M
_944857
245 _aELEMENTARY METALLURGY AND METLLOGRAPHY
250 _a2ND
260 _aNEWYORK
_bDOVER
_c1961
300 _a388P
942 _cBK
999 _c568525
_d568525